Errate den Songtext ohne das Lied zu kennen #9 - Statistiken

Allgemein
  • Dieses Quiz wurde 867 mal gespielt
  • Das Durchschnittsergebnis liegt bei 47 aus 146
Antwortstatistiken
Antwort % Korrekt
you
92%
the
76%
And
64%
me,
63%
me
63%
it
59%
my
53%
have
44%
of
41%
I'm
35%
life
35%
for
34%
don't
31%
know
29%
best
27%
good,
25%
good?
25%
good
25%
night
24%
Baby,
23%
yeah,
22%
Yeah,
22%
Yeah.
22%
feelin'
18%
down
15%
fuckin'
15%
alright
13%
'Cause
12%
ride
8%
takes
8%
I'ma
6%
wherever
5%
Keine übereinstimmenden Quizze gefunden
Verteilung der Resultate
Anzahl Personen mit jedem Resultat
Perzentil nach korrekt beantworteten Fragen
Ihre Resultats-Entwicklung
Sie haben dieses Quiz noch nicht gespielt